00416 2200145 4500001002100000008004100021035002000062245009300082100001800175260002300193300002000216082001100236650001000247990001300257INLIS000000000000128 ind  a0010-0322000128 aCERITA PRASEJARAH ANEH BIN AJAIB (DINOSAURUS,BURUNG PURBA DAN MAMUT BERBULU LEBAT)cIKHA aCLAIRE RENAUD aJAKARTAbBIPc2015 a59 hlm.c25 cm. a398.24 aFABEL a102248-1